| 000 | 01748nam a2200505 i 4500 | ||
|---|---|---|---|
| 001 | 45241 | ||
| 003 | KOSZ 005 | ||
| 005 | 20230118141407.0 | ||
| 008 | 040804s2004 pl a |000 0 pol | ||
| 015 | _aUWD 2004/15169 | ||
| 020 | _a837193243X | ||
| 035 | _a991024442499705066 | ||
| 035 | _a(PL-WaBN)b16668583-48omnis_nlop | ||
| 035 | _ab16668583 | ||
| 035 | _a(OCoLC)830623805 | ||
| 035 | _a(PL)b0000001666858 | ||
| 035 | _a(EXLNZ-48OMNIS_NETWORK)9910069774305606 | ||
| 040 |
_aWA N _cWA N _dWA N _dKOSZ 005/HR |
||
| 041 | 0 | _apol | |
| 046 | _k2004 | ||
| 080 | _a536.08 | ||
| 080 | _a621.3.049.77 | ||
| 080 | _a004.032.26 | ||
| 100 | 1 |
_aMinkina, Waldemar _d(1953- ) _eAutor |
|
| 245 | 1 | 0 |
_aKorekcja charakterystyk dynamicznych czujników termometrycznych - metody, układy, algorytmy / _cWaldemar Minkina, Sławomir Gryś ; Politechnika Częstochowska. |
| 260 |
_aCzęstochowa : _bWydawnictwo PC, _c2004. |
||
| 300 |
_a115, [1] s. : _brys., tab., wykr. ; _c24 cm. |
||
| 336 |
_aTekst _btxt _2rdacontent |
||
| 337 |
_aBez urządzenia pośredniczącego _bn _2rdamedia |
||
| 338 |
_aWolumin _bnc _2rdacarrier |
||
| 380 | _aKsiążki | ||
| 388 | _a2001- | ||
| 504 | _aBibliogr. s. 111-[116]. | ||
| 650 | 7 |
_aCzujniki _2DBN |
|
| 650 | 7 |
_aSztuczna sieć neuronowa _2DBN |
|
| 650 | 7 |
_aTemperatura _2DBN |
|
| 650 | 7 |
_aTermometr _2DBN |
|
| 650 | 7 |
_aUkład cyfrowy _2DBN |
|
| 658 | _aInżynieria i technika | ||
| 700 | 1 |
_aGryś, Sławomir _eAutor |
|
| 710 | 2 |
_aWydawnictwo Politechniki Częstochowskiej _4pbl |
|
| 856 |
_uhttp://koha.tu.koszalin.pl/cgi-bin/koha/opac-detail.pl?biblionumber=45241 _yKatalog online BPK |
||
| 942 |
_2UKD _cKS |
||
| 999 |
_c45241 _d45241 |
||